[Event "Unterfranken-ch HT 54th"]
[Site "Moembris"]
[Date "2003.04.22"]
[Round "2"]
[White "Bils, Alexander"]
[Black "Meyer, Christoph1"]
[Result "0-1"]
[WhiteElo "1434"]
[BlackElo "1604"]
[PlyCount "48"]
[EventDate "2003.04.21"]
[EventType "swiss"]
[EventRounds "9"]
[EventCountry "GER"]
[SourceTitle "EXT 2015"]
[Source "ChessBase"]
[SourceDate "2014.11.20"]
[SourceVersion "1"]
[SourceVersionDate "2014.11.20"]
[SourceQuality "1"]

1. d4 g6 2. e4 Bg7 3. Nf3 d6 4. Bc4 c6 5. 0-0 Nd7 6. Ng5 Nh6 7. Qf3 Nf6 8. e5 Bg4 9. Qb3 Nd5 10. Qxb7 Nb6 11. Qxc6+ Bd7 12. Qe4 Nxc4 13. b3 Nb6 14. exd6 e6 15. Nf3 Nf5 16. Bf4 0-0 17. c4 Rc8 18. Nc3 Bc6 19. Qd3 Bxf3 20. Qxf3 Nxd4 21. Qd3 e5 22. Be3 Qxd6 23. Rfd1 Rfd8 24. Ne4 Nf3+ 0-1

[Event "Unterfranken-ch HT 54th"]
[Site "Moembris"]
[Date "2003.04.22"]
[Round "3"]
[White "Dittmann, Ulrich"]
[Black "Bils, Alexander"]
[Result "1-0"]
[WhiteElo "1763"]
[BlackElo "1434"]
[PlyCount "73"]
[EventDate "2003.04.21"]
[EventType "swiss"]
[EventRounds "9"]
[EventCountry "GER"]
[SourceTitle "EXT 2015"]
[Source "ChessBase"]
[SourceDate "2014.11.20"]
[SourceVersion "1"]
[SourceVersionDate "2014.11.20"]
[SourceQuality "1"]

1. d4 d5 2. c4 e6 3. Nc3 Bb4 4. Nf3 Nf6 5. Bg5 h6 6. Bh4 Nbd7 7. e3 c6 8. a3 Be7 9. Bd3 dxc4 10. Bxc4 Nb6 11. Ba2 Nfd5 12. Bxe7 Qxe7 13. Rc1 0-0 14. 0-0 Bd7 15. Ne5 Be8 16. b4 a5 17. Bxd5 Nxd5 18. Nxd5 exd5 19. Rc5 axb4 20. axb4 f6 21. Nd3 Qe4 22. Qb3 Bd7 23. Ra5 Qg6 24. Rfa1 Rae8 25. Ra7 Bc8 26. Nf4 Qe4 27. b5 g5 28. Nh5 Qg6 29. bxc6 Qxh5 30. cxb7 Be6 31. Ra8 Rb8 32. Rxb8 Rxb8 33. Ra8 Qe8 34. Qa2 Kf7 35. Rxb8 Qxb8 36. Qa8 Qc7 37. h3 1-0

[Event "Unterfranken-ch HT 54th"]
[Site "Moembris"]
[Date "2003.04.21"]
[Round "1"]
[White "Kirchenmayer, Thomas"]
[Black "Bils, Alexander"]
[Result "0-1"]
[WhiteElo "1312"]
[BlackElo "1434"]
[PlyCount "129"]
[EventDate "2003.04.21"]
[EventType "swiss"]
[EventRounds "9"]
[EventCountry "GER"]
[SourceTitle "EXT 2015"]
[Source "ChessBase"]
[SourceDate "2014.11.20"]
[SourceVersion "1"]
[SourceVersionDate "2014.11.20"]
[SourceQuality "1"]

1. c4 Nf6 2. Nc3 e6 3. d4 d5 4. cxd5 exd5 5. g3 Bb4 6. Bd2 0-0 7. Bg2 Bf5 8. e3 c6 9. Nge2 Nbd7 10. 0-0 Nb6 11. b3 Re8 12. a3 Bd6 13. Re1 Qd7 14. Nf4 Bxf4 15. exf4 Rxe1+ 16. Bxe1 Re8 17. Ra2 Qe7 18. Re2 Qxa3 19. Rxe8+ Nxe8 20. Qe2 Nf6 21. Qe5 Bc8 22. Qc7 Qf8 23. Qe5 Bd7 24. Qe2 Nc8 25. Qb2 Qe7 26. Qe2 Qxe2 27. Nxe2 Nd6 28. f3 Nb5 29. g4 h6 30. Bf2 Ne8 31. Bf1 Nec7 32. Nc1 f5 33. g5 hxg5 34. fxg5 Nd6 35. Bg3 Nce8 36. h4 g6 37. Nd3 Nf7 38. Nf4 Kg7 39. Nd3 b6 40. f4 Ned6 41. Bg2 Ne4 42. Be1 Nfd6 43. Ne5 Be8 44. Nd3 Nb5 45. Nb4 Nxd4 46. Bxe4 dxe4 47. Bc3 c5 48. Nc2 Kf7 49. Bxd4 cxd4 50. Nxd4 Ke7 51. Kf2 Kd6 52. Ke3 Kd5 53. Ne2 Bf7 54. Kd2 Kc5 55. Kc3 b5 56. b4+ Kb6 57. Nd4 a5 58. bxa5+ Kxa5 59. Kb2 Kb4 60. Nc6+ Kc5 61. Ne5 e3 62. Kc3 Bc4 63. Nd3+ Kd5 64. h5 gxh5 65. g6 0-1